000 00217nam a2200121Ia 4500
100 _a#N/A
942 _cBK
245 _aDiscrete Mathematics
260 _b#N/A
082 _b22748
546 _aENGLISH
999 _c26502
_d26502